| 000 | 00561nam a22002177a 4500 | ||
|---|---|---|---|
| 005 | 20231031120923.0 | ||
| 008 | 230908b |||||||| |||| 00| 0 eng d | ||
| 020 | _a9781451191776 | ||
| 082 |
_a615.1076 _bWHA |
||
| 100 | _aWhalen, Karen | ||
| 245 | _aLippincott Illustrated Reviews : Pharmacology | ||
| 250 | _a6th ed. | ||
| 260 |
_aChina _bWolters Kluwer _c2015 |
||
| 300 | _a664 | ||
| 500 | _aInclude index | ||
| 650 | _aMedical / Pharmacology | ||
| 700 | _aKaren Whalen | ||
| 700 | _aRichard Finkel | ||
| 700 | _aThomas A. Panavelil | ||
| 999 |
_c33473 _d33473 |
||